Fann al-taṣwīr fī Miṣr al-Islāmīyah. (Record no. 49394)

MARC details
000 -LEADER
fixed length control field 00622cam a22002171 4500
001 - CONTROL NUMBER
control field ne 67000332
003 - CONTROL NUMBER IDENTIFIER
control field DLC
005 - DATE AND TIME OF LATEST TRANSACTION
control field 20260227111829.0
008 - FIXED-LENGTH DATA ELEMENTS--GENERAL INFORMATION
fixed length control field 811023s1966 ua a b 000 0 egyr
010 ## - LIBRARY OF CONGRESS CONTROL NUMBER
LC control number ne 67000332
025 ## - OVERSEAS ACQUISITION NUMBER
Overseas acquisition number PL480:UAR-8041
035 ## - SYSTEM CONTROL NUMBER
System control number (OCoLC)7870849
040 ## - CATALOGING SOURCE
Original cataloging agency DLC
Transcribing agency MnM
Modifying agency DLC
050 00 - LIBRARY OF CONGRESS CALL NUMBER
Classification number N7381
Item number .B3
100 1# - MAIN ENTRY--PERSONAL NAME
Personal name Bāshā, Ḥasan.
245 10 - TITLE STATEMENT
Title Fann al-taṣwīr fī Miṣr al-Islāmīyah.
Statement of responsibility, etc. Ḥasan al-Bāshā.
260 ## - PUBLICATION, DISTRIBUTION, ETC.
Place of publication, distribution, etc. [Cairo]
Name of publisher, distributor, etc. Dār al-Nahḍah al-ʻArabīyah,
Date of publication, distribution, etc. 1966.
300 ## - PHYSICAL DESCRIPTION
Extent 159 p.
Other physical details illus.
Dimensions 20 cm.
504 ## - BIBLIOGRAPHY, ETC. NOTE
Bibliography, etc. note Bibliography: p. [141]-[147]
650 #0 - SUBJECT ADDED ENTRY--TOPICAL TERM
Topical term or geographic name entry element Art, Egyptian.

No items available.

Powered by Koha